[Event "CRO-chT2 Center"]
[Site "Croatia"]
[Date "2015.10.18"]
[Round "9.24"]
[White "Galic, Kruno"]
[Black "Pavic, Filip"]
[Result "1/2-1/2"]
[WhiteElo "2063"]
[BlackElo "2166"]
[PlyCount "61"]
[EventDate "2015.03.22"]
[EventType "team-tourn"]
[EventRounds "11"]
[EventCountry "CRO"]
[SourceTitle "EXT 2016"]
[Source "ChessBase"]
[SourceDate "2015.10.08"]
[SourceVersion "1"]
[SourceVersionDate "2015.10.08"]
[SourceQuality "1"]

1. d4 d5 2. Nf3 Nc6 3. e3 Bg4 4. Be2 Nf6 5. 0-0 Bxf3 6. Bxf3 e5 7. dxe5 Nxe5 8. Nd2 Bd6 9. b3 0-0 10. Bb2 c6 11. e4 dxe4 12. Nxe4 Nxf3+ 13. Qxf3 Nxe4 14. Qxe4 Qe7 15. Qxe7 Bxe7 16. Rad1 Rad8 17. Rfe1 Rxd1 18. Rxd1 Rd8 19. Rxd8+ Bxd8 20. Kf1 f5 21. Ke2 Kf7 22. Kd3 g6 23. f3 Ke6 24. Bc1 Bf6 25. h3 b5 26. Bd2 a6 27. Be3 Kd5 28. Bd2 c5 29. c4+ bxc4+ 30. bxc4+ Kd6 31. Bf4+ 1/2-1/2

[Event "CRO-chT2 Center 23rd"]
[Site "Grubisno Polje"]
[Date "2014.09.14"]
[Round "10.65"]
[White "Plenca, Jadranko"]
[Black "Galic, Kruno"]
[Result "1-0"]
[WhiteElo "2250"]
[BlackElo "2099"]
[PlyCount "45"]
[EventDate "2014.03.02"]
[EventType "team-match"]
[EventRounds "11"]
[EventCountry "CRO"]
[SourceTitle "EXT 2016"]
[Source "ChessBase"]
[SourceDate "2015.10.08"]
[SourceVersion "1"]
[SourceVersionDate "2015.10.08"]
[SourceQuality "1"]

1. e4 c5 2. Nf3 e6 3. c3 d5 4. exd5 Qxd5 5. d4 Nf6 6. Bd3 Be7 7. 0-0 0-0 8. Be3 cxd4 9. cxd4 Qd8 10. Nc3 b6 11. Rc1 Bb7 12. Bb1 g6 13. Re1 Na6 14. Ne5 Nc7 15. Qe2 a6 16. a3 b5 17. Ba2 Ncd5 18. Bh6 Re8 19. Nxf7 Qb6 20. Ng5 Bf8 21. Bxf8 Kxf8 22. Qe5 Kg8 23. Nxe6 1-0

[Event "CRO-chT2 Center 23rd"]
[Site "Grubisno Polje"]
[Date "2014.09.07"]
[Round "7.3"]
[White "Belani, Marijan"]
[Black "Galic, Kruno"]
[Result "1-0"]
[WhiteElo "2045"]
[BlackElo "2099"]
[PlyCount "125"]
[EventDate "2014.03.02"]
[EventType "team-match"]
[EventRounds "11"]
[EventCountry "CRO"]
[SourceTitle "EXT 2016"]
[Source "ChessBase"]
[SourceDate "2015.10.08"]
[SourceVersion "1"]
[SourceVersionDate "2015.10.08"]
[SourceQuality "1"]

1. c4 c6 2. Nc3 d5 3. cxd5 cxd5 4. d4 Nc6 5. Bf4 e6 6. Nf3 Bd6 7. Bg5 Nf6 8. e3 a6 9. Rc1 0-0 10. Bd3 Be7 11. 0-0 Ne8 12. Bxe7 Qxe7 13. Re1 f5 14. Na4 Nf6 15. a3 Qd8 16. b4 Ne7 17. Ne5 Nd7 18. f4 Nxe5 19. fxe5 b6 20. Rf1 Bd7 21. Rf3 Bxa4 22. Qxa4 b5 23. Qd1 Qb6 24. Rc5 Rfc8 25. Qe1 Ng6 26. Rh3 Nf8 27. g4 fxg4 28. Rh4 Rxc5 29. bxc5 Qb7 30. Rxg4 Rb8 31. Qg3 a5 32. Bxb5 g6 33. a4 Qg7 34. c6 Qc7 35. h4 Re8 36. h5 Re7 37. Rf4 Rg7 38. h6 Re7 39. Qg5 Re8 40. Kg2 Rb8 41. Rf6 Rc8 42. Qf4 Rb8 43. Qf1 Rd8 44. Qe1 Ra8 45. Kf2 Rb8 46. Ke2 Ra8 47. Kd3 Rd8 48. Qc3 Ra8 49. Qa3 Rd8 50. Qc5 g5 51. Ke2 g4 52. Kf2 Ng6 53. Kg3 Ne7 54. Kxg4 Nf5 55. Kf4 Nxh6 56. Rxh6 Rf8+ 57. Qxf8+ Kxf8 58. Rxe6 Qc8 59. Rd6 Qh3 60. Rd8+ Kf7 61. Rd7+ Kg6 62. c7 h5 63. Bd3+ 1-0

[Event "CRO-chT2 Center"]
[Site "Zagreb"]
[Date "2012.04.01"]
[Round "6.26"]
[White "Kovacic, Damir"]
[Black "Galic, Kruno"]
[Result "0-1"]
[WhiteElo "2075"]
[BlackElo "2099"]
[PlyCount "106"]
[EventDate "2012.03.18"]
[EventType "team-swiss"]
[EventRounds "11"]
[EventCountry "CRO"]
[SourceTitle "EXT 2014"]
[Source "ChessBase"]
[SourceDate "2013.11.20"]
[SourceVersion "1"]
[SourceVersionDate "2013.11.20"]
[SourceQuality "1"]

1. e4 e6 2. d4 d5 3. e5 c5 4. Nf3 Qb6 5. c3 Nc6 6. Be2 cxd4 7. cxd4 Nh6 8. 0-0 Nf5 9. Nc3 Nfxd4 10. Nxd4 Nxd4 11. Bd3 Nc6 12. Qe2 Bd7 13. Bg5 Be7 14. Bf4 a6 15. Rac1 Rc8 16. Qg4 g6 17. Rfd1 Qxb2 18. Bf1 b5 19. Qg3 Qa3 20. Rd3 Qa5 21. Ne2 Qb6 22. Be3 Qb8 23. Rdc3 b4 24. R3c2 a5 25. Nd4 Nxd4 26. Rxc8+ Bxc8 27. Bxd4 0-0 28. h4 Bd7 29. h5 Rc8 30. Re1 Bb5 31. hxg6 hxg6 32. Bd3 Bxd3 33. Qxd3 Kg7 34. Re3 Qc7 35. Kh2 Qc4 36. Qd1 Rh8+ 37. Kg1 Qxa2 38. Rf3 Qc4 39. Be3 b3 40. Bc1 Qc2 41. Qxc2 bxc2 42. Rc3 Rb8 43. Rxc2 Rb1 44. Kh2 a4 45. Rc3 Bb4 46. Rc7 a3 47. Bg5 a2 48. Bf6+ Kg8 49. Rc8+ Bf8 50. Be7 a1Q 51. Bd6 g5 52. Rxf8+ Kg7 53. Rc8 Rc1 0-1

[Event "CRO-chT3A Center"]
[Site "Zagreb"]
[Date "2010.11.07"]
[Round "10.16"]
[White "Bilafer, Nedjeljko"]
[Black "Galic, Kruno"]
[Result "0-1"]
[WhiteElo "2006"]
[BlackElo "2096"]
[PlyCount "136"]
[EventDate "2010.03.21"]
[EventType "team-tourn"]
[EventRounds "11"]
[EventCountry "CRO"]
[SourceTitle "EXT 2012"]
[Source "ChessBase"]
[SourceDate "2011.11.24"]
[SourceVersion "1"]
[SourceVersionDate "2011.11.24"]
[SourceQuality "1"]

1. e4 c5 2. Nc3 Nc6 3. f4 g6 4. Nf3 Bg7 5. d3 d6 6. h3 e6 7. Be2 Nge7 8. Bd2 0-0 9. 0-0 a6 10. Rb1 Qc7 11. Qc1 f5 12. Nd1 Bd7 13. c3 b5 14. Qc2 Rac8 15. Ne3 d5 16. e5 d4 17. Nd1 Qb6 18. Kh2 h6 19. a3 Kh7 20. Qb3 Rfd8 21. c4 Na5 22. Bxa5 Qxa5 23. Qc2 b4 24. Qd2 Nc6 25. Ra1 Qb6 26. Nf2 bxa3 27. bxa3 Rb8 28. Bd1 Qc7 29. Bc2 Rb2 30. Rfb1 Rdb8 31. Nd1 Rxb1 32. Rxb1 Rxb1 33. Bxb1 Qa5 34. Qb2 Qc7 35. g3 Bf8 36. Kg2 Be7 37. h4 Nd8 38. Ne1 Bc6+ 39. Kf2 Kg7 40. Ke2 Nf7 41. Nf2 g5 42. hxg5 hxg5 43. Kf1 Qb7 44. Qxb7 Bxb7 45. Ke2 Nh8 46. Nf3 Ng6 47. Nxg5 Bxg5 48. fxg5 Nxe5 49. Nh3 Nf7 50. Bc2 Bc6 51. Kf2 e5 52. Bd1 Kg6 53. g4 f4 54. a4 a5 55. Ng1 Nxg5 56. Ne2 Ne6 57. Ng1 e4 58. dxe4 Bxe4 59. Ne2 Bd3 60. Bb3 Bxe2 61. Kxe2 Kf6 62. Bc2 Ng5 63. Bd3 Nf7 64. Be4 Ne5 65. Bd5 Nxg4 66. Kf3 Ne3 67. Kxf4 Nxd5+ 68. cxd5 d3 0-1

[Event "CRO-chT3A Center"]
[Site "Zagreb"]
[Date "2010.11.07"]
[Round "9.16"]
[White "Galic, Kruno"]
[Black "Livaic, Leon"]
[Result "1-0"]
[WhiteElo "2096"]
[BlackElo "1852"]
[PlyCount "87"]
[EventDate "2010.03.21"]
[EventType "team-tourn"]
[EventRounds "11"]
[EventCountry "CRO"]
[SourceTitle "EXT 2012"]
[Source "ChessBase"]
[SourceDate "2011.11.24"]
[SourceVersion "1"]
[SourceVersionDate "2011.11.24"]
[SourceQuality "1"]

1. Nf3 Nf6 2. g3 e6 3. Bg2 d5 4. 0-0 c5 5. d3 Nc6 6. Nbd2 Be7 7. e4 0-0 8. Re1 Re8 9. e5 Nd7 10. Nf1 Qc7 11. Bf4 h6 12. h4 d4 13. N1h2 Qd8 14. Qc1 Bf8 15. g4 f6 16. exf6 Nxf6 17. g5 hxg5 18. hxg5 Nd5 19. Ng4 Nxf4 20. Qxf4 Bd6 21. Nge5 Nxe5 22. Nxe5 Rf8 23. Qg4 Bxe5 24. Rxe5 Rf5 25. f4 Qf8 26. Rf1 Bd7 27. Be4 Qf7 28. Qxf5 exf5 29. Bd5 Re8 30. Rxe8+ Bxe8 31. Bxf7+ Kxf7 32. Re1 g6 33. Re5 b6 34. Kf2 Ba4 35. c3 dxc3 36. bxc3 Bd7 37. Ke3 a5 38. a3 Bc6 39. Kd2 Ba4 40. c4 Bb3 41. Kc3 a4 42. d4 cxd4+ 43. Kxd4 Bc2 44. Rb5 1-0

[Event "CRO-Cup 19th"]
[Site "Sibenik"]
[Date "2010.05.23"]
[Round "6"]
[White "Kovacevic, Vlatko"]
[Black "Galic, Kruno"]
[Result "1-0"]
[WhiteElo "2489"]
[BlackElo "2108"]
[PlyCount "93"]
[EventDate "2010.05.19"]
[EventType "team-tourn"]
[EventRounds "6"]
[EventCountry "CRO"]
[SourceTitle "CBM 136 Extra"]
[Source "ChessBase"]
[SourceDate "2010.07.02"]
[SourceVersion "2"]
[SourceVersionDate "2010.07.15"]
[SourceQuality "1"]

1. d4 Nf6 2. c3 g6 3. Bg5 Bg7 4. Nd2 0-0 5. Ngf3 d6 6. e3 Nbd7 7. Be2 b6 8. a4 a6 9. 0-0 Bb7 10. c4 Re8 11. a5 c6 12. axb6 Qxb6 13. Qc2 c5 14. Ra2 h6 15. Bh4 cxd4 16. Nxd4 e5 17. N4b3 Rac8 18. Na5 Ba8 19. Rfa1 Nb8 20. Ra4 Nfd7 21. b4 f5 22. Rd1 g5 23. Bxg5 hxg5 24. Qxf5 Nf6 25. Qxg5 Qc7 26. Bd3 e4 27. Bc2 Re5 28. Qg6 Rce8 29. Ndb3 Rh5 30. Nd4 Ree5 31. h4 Qd7 32. Qg3 Rh6 33. Ne2 Nh5 34. Qh2 Qe7 35. c5 d5 36. Qh3 Nd7 37. Nc4 Ree6 38. Nd6 Rxd6 39. cxd6 Rxd6 40. Bb3 Bb7 41. Qf5 Nhf6 42. Nf4 Nb6 43. Ra5 Rd8 44. Rc5 Rc8 45. Rdxd5 Nfxd5 46. Nxd5 Bxd5 47. Bxd5+ 1-0

[Event "CRO Cup 17th"]
[Site "Sibenik"]
[Date "2008.05.25"]
[Round "5"]
[White "Galic, Kruno"]
[Black "Plenkovic, Zdenko"]
[Result "0-1"]
[WhiteElo "2092"]
[BlackElo "2370"]
[PlyCount "82"]
[EventDate "2008.05.21"]
[EventType "swiss"]
[EventRounds "5"]
[EventCountry "CRO"]
[SourceTitle "CBM 124 Extra"]
[Source "ChessBase"]
[SourceDate "2008.07.03"]
[SourceVersion "1"]
[SourceVersionDate "2008.07.03"]
[SourceQuality "1"]

1. e4 d5 2. exd5 Qxd5 3. Nc3 Qd6 4. Nf3 Nf6 5. d3 g6 6. Be2 Bg7 7. 0-0 0-0 8. Bg5 Re8 9. Re1 Bf5 10. h3 Nc6 11. Bf1 Rad8 12. Nd2 h6 13. Bh4 Qb4 14. Nc4 b5 15. a3 Qc5 16. Nd2 Nd4 17. Nf3 a5 18. Nxd4 Rxd4 19. Bg3 e5 20. Qc1 Nh5 21. Bh2 Be6 22. Be2 Nf4 23. Bf3 g5 24. Bxf4 gxf4 25. a4 b4 26. Ne4 Qa7 27. b3 f5 28. Nd2 Bf7 29. Bc6 Re6 30. Bb5 Rg6 31. Kf1 Bd5 32. Nf3 Bxf3 33. gxf3 Qa8 34. Qd1 Qd8 35. Rc1 Qh4 36. c3 bxc3 37. Ke2 Rg2 38. Rf1 e4 39. Qe1 Qh5 40. dxe4 fxe4 41. Qxc3 exf3+ 0-1

[Event "CRO Cup 17th"]
[Site "Sibenik"]
[Date "2008.05.24"]
[Round "4"]
[White "Ivankovic, Ivo"]
[Black "Galic, Kruno"]
[Result "1/2-1/2"]
[WhiteElo "2125"]
[BlackElo "2092"]
[PlyCount "36"]
[EventDate "2008.05.21"]
[EventType "swiss"]
[EventRounds "5"]
[EventCountry "CRO"]
[SourceTitle "CBM 124 Extra"]
[Source "ChessBase"]
[SourceDate "2008.07.03"]
[SourceVersion "1"]
[SourceVersionDate "2008.07.03"]
[SourceQuality "1"]

1. c4 e6 2. e4 d5 3. cxd5 exd5 4. exd5 Qxd5 5. Nc3 Qd8 6. d4 Nf6 7. Bc4 Be7 8. Nge2 0-0 9. 0-0 Nbd7 10. a3 Nb6 11. Ba2 c6 12. Bg5 Nbd5 13. Re1 Be6 14. Qd3 Nxc3 15. Nxc3 Bxa2 16. Rxa2 Re8 17. Kf1 h6 18. Be3 Nd5 1/2-1/2

[Event "CRO Cup 17th"]
[Site "Sibenik"]
[Date "2008.05.22"]
[Round "2"]
[White "Galic, Kruno"]
[Black "Bozinovic, Bogdan"]
[Result "0-1"]
[WhiteElo "2092"]
[BlackElo "2321"]
[PlyCount "80"]
[EventDate "2008.05.21"]
[EventType "swiss"]
[EventRounds "5"]
[EventCountry "CRO"]
[SourceTitle "CBM 124 Extra"]
[Source "ChessBase"]
[SourceDate "2008.07.03"]
[SourceVersion "1"]
[SourceVersionDate "2008.07.03"]
[SourceQuality "1"]

1. e4 c5 2. Nf3 d6 3. d4 cxd4 4. Nxd4 Nf6 5. Nc3 a6 6. g3 e6 7. Bg2 Bd7 8. 0-0 Nc6 9. h3 Rc8 10. Nde2 b5 11. a3 Be7 12. g4 h6 13. Ng3 Ne5 14. Nce2 Qb6 15. Nf4 Qc7 16. c3 Qc4 17. Ngh5 Nxh5 18. Nxh5 g6 19. Ng3 Qd3 20. Qxd3 Nxd3 21. Rd1 Nxc1 22. Raxc1 e5 23. Bf3 Be6 24. Nf1 Bg5 25. Ra1 Ke7 26. Re1 h5 27. Kg2 hxg4 28. hxg4 Bf4 29. Be2 Rh4 30. f3 f5 31. exf5 gxf5 32. a4 fxg4 33. fxg4 Rf8 34. axb5 Bd5+ 35. Bf3 Rxg4+ 36. Kf2 Bg3+ 37. Nxg3 Rxf3+ 38. Ke2 Rgxg3 39. bxa6 Rg2+ 40. Kd1 Rxb2 0-1

[Event "Sisak"]
[Site "Sisak"]
[Date "1998.11.21"]
[Round "2"]
[White "Vrkljan, Ivan"]
[Black "Galic, Kruno"]
[Result "1/2-1/2"]
[WhiteElo "2165"]
[BlackElo "2220"]
[PlyCount "57"]
[EventDate "1998.11.??"]
[EventType "tourn"]
[EventRounds "9"]
[EventCountry "CRO"]
[EventCategory "4"]
[SourceTitle "EXT 2000"]
[Source "ChessBase"]
[SourceDate "1999.11.16"]
[SourceVersion "1"]
[SourceVersionDate "1999.11.16"]
[SourceQuality "1"]

1. e4 c5 2. Nf3 d6 3. Bb5+ Nc6 4. 0-0 Bd7 5. Re1 Nf6 6. c3 e6 7. d4 cxd4 8. cxd4 Be7 9. Nc3 0-0 10. Bg5 a6 11. Bxc6 Bxc6 12. d5 Bd7 13. e5 Nxd5 14. Bxe7 Nxe7 15. exd6 Ng6 16. Ne4 Bc6 17. Qd4 Bd5 18. b3 Rc8 19. Rad1 Rc2 20. Rd2 Rxd2 21. Nfxd2 Qc8 22. Nc3 Qc6 23. Nc4 Rd8 24. Nxd5 Qxd5 25. Qxd5 exd5 26. Nb6 f6 27. d7 Ne5 28. Rd1 Nxd7 29. Nxd5 1/2-1/2

[Event "CRO-chT2"]
[Site "Medulin"]
[Date "1997.??.??"]
[Round "?"]
[White "Cajzler, Hinko"]
[Black "Galic, Kruno"]
[Result "1/2-1/2"]
[WhiteElo "2195"]
[BlackElo "2230"]
[PlyCount "100"]
[EventDate "1997.??.??"]
[EventType "team"]
[EventRounds "9"]
[EventCountry "CRO"]
[SourceTitle "EXT 1999"]
[Source "ChessBase"]
[SourceDate "1998.11.16"]
[SourceVersion "1"]
[SourceVersionDate "1998.11.16"]
[SourceQuality "1"]

1. d4 d5 2. c4 e6 3. Nc3 Be7 4. cxd5 exd5 5. Qc2 Nf6 6. Bg5 c6 7. e3 0-0 8. Bd3 Nbd7 9. Nf3 Re8 10. 0-0 Nf8 11. Rab1 b6 12. b4 Bb7 13. Ne5 g6 14. f4 N6d7 15. Bh6 Bf6 16. Qa4 Bg7 17. Bxg7 Kxg7 18. Rbe1 f6 19. Nf3 c5 20. bxc5 bxc5 21. Bb5 c4 22. f5 Qc7 23. Qa3 Bc6 24. Nd2 a6 25. Bxc6 Qxc6 26. e4 Qb6 27. Nxd5 Qxd4+ 28. Rf2 Rac8 29. Nf3 Qc5 30. Qc3 Rc6 31. Kf1 Ne5 32. Nxe5 Rxe5 33. fxg6 hxg6 34. Rb2 Nd7 35. Rb7 Rd6 36. Qh3 Rdxd5 37. Rxd7+ Rxd7 38. Qxd7+ Re7 39. Qd5 Qc7 40. e5 Rxe5 41. Rxe5 fxe5 42. Ke2 Kf6 43. Kd2 Qc8 44. Kc3 Qg4 45. Qd6+ Kf7 46. Qc7+ Kf8 47. Qxe5 Qxg2 48. Qf6+ Kg8 49. Qxa6 Qf3+ 50. Kb4 Qf8+ 1/2-1/2

[Event "CRO-Cup"]
[Site "Pula"]
[Date "1995.??.??"]
[Round "1"]
[White "Feletar, Darko"]
[Black "Galic, Kruno"]
[Result "1-0"]
[WhiteElo "2320"]
[BlackElo "2270"]
[PlyCount "51"]
[EventDate "1995.??.??"]
[EventType "team"]
[EventRounds "5"]
[EventCountry "CRO"]
[SourceTitle "EXT 1997"]
[Source "ChessBase"]
[SourceDate "1996.11.15"]
[SourceVersion "1"]
[SourceVersionDate "1996.11.15"]
[SourceQuality "1"]

1. e4 c5 2. Nf3 d6 3. d4 cxd4 4. Nxd4 Nf6 5. Nc3 e6 6. Be3 Nc6 7. Qd2 a6 8. 0-0-0 Bd7 9. f3 Nxd4 10. Bxd4 Bc6 11. g4 b5 12. h4 Qc7 13. g5 Nd7 14. h5 Ne5 15. Qf2 h6 16. g6 fxg6 17. Bh3 b4 18. Ne2 Qf7 19. Bxe5 dxe5 20. hxg6 Qa7 21. Qh2 Qc5 22. Bxe6 Be7 23. Kb1 Bf6 24. Ng3 Ke7 25. Nf5+ Kxe6 26. Qh3 1-0

[Event "CRO-chT"]
[Site "Makarska Tucepi"]
[Date "1995.??.??"]
[Round "?"]
[White "Galic, Kruno"]
[Black "Cvitan, Ognjen"]
[Result "0-1"]
[WhiteElo "2250"]
[BlackElo "2510"]
[PlyCount "62"]
[EventDate "1995.??.??"]
[EventType "team"]
[EventRounds "8"]
[EventCountry "CRO"]
[SourceTitle "EXT 1997"]
[Source "ChessBase"]
[SourceDate "1996.11.15"]
[SourceVersion "1"]
[SourceVersionDate "1996.11.15"]
[SourceQuality "1"]

1. e4 c5 2. Nf3 e6 3. d4 cxd4 4. Nxd4 a6 5. Nc3 d6 6. Be2 Nf6 7. 0-0 Be7 8. f4 Qc7 9. Be3 0-0 10. Kh1 b5 11. Bf3 Bb7 12. e5 dxe5 13. fxe5 Nfd7 14. Bxb7 Qxb7 15. Bf4 b4 16. Nce2 Rd8 17. Qd3 Nf8 18. Bg3 Nbd7 19. Qe3 Ng6 20. Nf3 Nc5 21. Ng5 Bxg5 22. Qxg5 Rac8 23. Rad1 Rxd1 24. Rxd1 h6 25. Qe3 Qe4 26. Qf3 Nxe5 27. Bxe5 Qxe5 28. c3 a5 29. Rf1 f5 30. Nd4 Ne4 31. Re1 Qd5 0-1

[Event "CRO-chT"]
[Site "Makarska Tucepi"]
[Date "1995.??.??"]
[Round "?"]
[White "Galic, Kruno"]
[Black "Doncevic, Dario"]
[Result "1/2-1/2"]
[WhiteElo "2250"]
[BlackElo "2355"]
[PlyCount "112"]
[EventDate "1995.??.??"]
[EventType "team"]
[EventRounds "8"]
[EventCountry "CRO"]
[SourceTitle "EXT 1997"]
[Source "ChessBase"]
[SourceDate "1996.11.15"]
[SourceVersion "1"]
[SourceVersionDate "1996.11.15"]
[SourceQuality "1"]

1. e4 c5 2. Nf3 Nc6 3. d4 cxd4 4. Nxd4 Nf6 5. Nc3 d6 6. Bg5 e6 7. Qd2 a6 8. 0-0-0 h6 9. Bxf6 Qxf6 10. g3 Nxd4 11. Qxd4 Qxd4 12. Rxd4 Bd7 13. Bg2 Bc6 14. Rhd1 Be7 15. R4d2 0-0 16. f4 Rfc8 17. Ne2 Rc7 18. Nd4 Be8 19. Kb1 Rb8 20. f5 e5 21. Ne2 Rbc8 22. Nc3 Rxc3 23. bxc3 Rxc3 24. Kb2 Re3 25. Rd3 Re2 26. R1d2 Re1 27. Bf3 Rf1 28. h4 Bc6 29. Re3 Rg1 30. Be2 Rg2 31. Kc1 Bd8 32. Bc4 Rg1+ 33. Rd1 Rg2 34. Bd5 Bb6 35. Rb3 Bc5 36. Bxc6 bxc6 37. f6 gxf6 38. Rf3 a5 39. a4 Bd4 40. Rxf6 Rxg3 41. Rxd6 c5 42. Rf1 Ra3 43. Kd2 Be3+ 44. Ke2 Bf4 45. Rd5 Rc3 46. Rb1 Rxc2+ 47. Kf3 h5 48. Rd8+ Kg7 49. Ra8 c4 50. Rc8 Rc3+ 51. Ke2 Re3+ 52. Kd1 Rxe4 53. Rb5 Rd4+ 54. Kc2 Rd2+ 55. Kc3 Rd4 56. Rxc4 Bd2+ 1/2-1/2

[Event "CRO-chT"]
[Site "Makarska Tucepi"]
[Date "1995.??.??"]
[Round "?"]
[White "Galic, Kruno"]
[Black "Nikolac, Juraj"]
[Result "0-1"]
[WhiteElo "2250"]
[BlackElo "2460"]
[PlyCount "86"]
[EventDate "1995.??.??"]
[EventType "team"]
[EventRounds "8"]
[EventCountry "CRO"]
[SourceTitle "EXT 1997"]
[Source "ChessBase"]
[SourceDate "1996.11.15"]
[SourceVersion "1"]
[SourceVersionDate "1996.11.15"]
[SourceQuality "1"]

1. e4 e5 2. Nf3 Nc6 3. Bb5 a6 4. Ba4 Nf6 5. 0-0 Be7 6. Re1 b5 7. Bb3 d6 8. c3 0-0 9. h3 Nd7 10. d4 Nb6 11. Nbd2 exd4 12. cxd4 d5 13. Bc2 Be6 14. e5 Qd7 15. Nb3 Na4 16. Qd3 g6 17. Bh6 Nb4 18. Qd2 Nxc2 19. Qxc2 Rfc8 20. Qd2 c5 21. dxc5 Nxc5 22. Nxc5 Rxc5 23. Bg5 Bf8 24. Nd4 Rac8 25. b3 Rc3 26. Qf4 Rd3 27. Rad1 Rxd1 28. Rxd1 Rc3 29. Bh6 Be7 30. Ne2 Rc2 31. Rd2 Qc7 32. Rxc2 Qxc2 33. Qd2 Qb1+ 34. Kh2 Qf5 35. Qe3 Qh5 36. Bf4 g5 37. Bg3 Qg6 38. a4 h5 39. axb5 axb5 40. Qa7 Bf8 41. f4 Qe4 42. Nc3 Qd3 43. Be1 d4 0-1

[Event "CRO-Cup"]
[Site "Pula"]
[Date "1995.??.??"]
[Round "4"]
[White "Galic, Kruno"]
[Black "Zelenika, Srdjan"]
[Result "0-1"]
[WhiteElo "2270"]
[BlackElo "2255"]
[PlyCount "72"]
[EventDate "1995.??.??"]
[EventType "team"]
[EventRounds "5"]
[EventCountry "CRO"]
[SourceTitle "EXT 1997"]
[Source "ChessBase"]
[SourceDate "1996.11.15"]
[SourceVersion "1"]
[SourceVersionDate "1996.11.15"]
[SourceQuality "1"]

1. e4 c5 2. Nf3 Nc6 3. d4 cxd4 4. Nxd4 Nf6 5. Nc3 e5 6. Ndb5 d6 7. Bg5 a6 8. Na3 b5 9. Nd5 Be7 10. Nxe7 Nxe7 11. Bd3 d5 12. Bxf6 gxf6 13. Qf3 f5 14. Qg3 fxe4 15. Qxe5 Rg8 16. Bf1 b4 17. Nb1 Be6 18. Nd2 Nc6 19. Qh5 Qf6 20. Rb1 Nd4 21. Rc1 Rc8 22. c3 Rg4 23. Qh3 Rh4 24. Qe3 bxc3 25. bxc3 Nf5 26. Qb6 Rxc3 27. Qb8+ Bc8 28. Bb5+ Kf8 29. Rxc3 Qxc3 30. 0-0 axb5 31. Nb3 Ne7 32. Rc1 Qf6 33. g3 Rh5 34. Rxc8+ Nxc8 35. Qxc8+ Kg7 36. Qc5 Rf5 0-1

[Event "CRO-chT"]
[Site "Makarska Tucepi"]
[Date "1995.??.??"]
[Round "?"]
[White "Gazarek, Danko"]
[Black "Galic, Kruno"]
[Result "1-0"]
[WhiteElo "2330"]
[BlackElo "2250"]
[PlyCount "49"]
[EventDate "1995.??.??"]
[EventType "team"]
[EventRounds "8"]
[EventCountry "CRO"]
[SourceTitle "EXT 1997"]
[Source "ChessBase"]
[SourceDate "1996.11.15"]
[SourceVersion "1"]
[SourceVersionDate "1996.11.15"]
[SourceQuality "1"]

1. d4 d5 2. Nf3 Nf6 3. c4 e6 4. g3 Nc6 5. Bg2 dxc4 6. 0-0 Rb8 7. a4 Na5 8. Nbd2 c5 9. Qc2 Nd5 10. Nxc4 Nb4 11. Qc3 cxd4 12. Nxd4 Nxc4 13. Qxc4 Bd7 14. Bf4 Rc8 15. Qb3 Qb6 16. Rfd1 a5 17. Nf3 Bc6 18. Ne5 Bxg2 19. Kxg2 Nd5 20. Qf3 Bd6 21. Rxd5 exd5 22. Nxf7 Bxf4 23. Nxh8 Rc1 24. Ra3 Qxb2 25. Rb3 1-0

[Event "CRO-chT"]
[Site "Makarska"]
[Date "1994.??.??"]
[Round "4"]
[White "Galic, Kruno"]
[Black "Kovacevic, Vlatko"]
[Result "1/2-1/2"]
[WhiteElo "2200"]
[BlackElo "2485"]
[PlyCount "85"]
[EventDate "1994.??.??"]
[EventType "team"]
[EventRounds "9"]
[EventCountry "CRO"]
[SourceTitle "EXT 1997"]
[Source "ChessBase"]
[SourceDate "1996.11.15"]
[SourceVersion "1"]
[SourceVersionDate "1996.11.15"]
[SourceQuality "1"]

1. e4 Nf6 2. e5 Nd5 3. d4 d6 4. Nf3 Bg4 5. Be2 e6 6. 0-0 Be7 7. c4 Nb6 8. Nc3 0-0 9. h3 Bh5 10. exd6 cxd6 11. Be3 a5 12. Qb3 N8d7 13. Rac1 Rc8 14. g4 Bg6 15. Rfd1 Kh8 16. Nh2 f5 17. f4 fxg4 18. hxg4 Bf7 19. Qb5 Qc7 20. d5 Nc5 21. Qxa5 Nxd5 22. Qxc7 Nxc7 23. b4 N5a6 24. a3 Ne8 25. Na4 Nf6 26. Nb6 Rc7 27. Kg2 Bg6 28. Bd3 Bxd3 29. Rxd3 Nb8 30. a4 Nbd7 31. Nxd7 Nxd7 32. Nf3 Rfc8 33. Nd2 d5 34. c5 b6 35. Nb3 bxc5 36. Bxc5 Bxc5 37. bxc5 Nxc5 38. Nxc5 Rxc5 39. Rxc5 Rxc5 40. Re3 Kg8 41. Rxe6 Rc4 42. Kf3 Rxa4 43. Rd6 1/2-1/2

[Event "CRO-chT"]
[Site "Makarska"]
[Date "1994.??.??"]
[Round "2"]
[White "Galic, Kruno"]
[Black "Rogic, Davor"]
[Result "1-0"]
[WhiteElo "2200"]
[BlackElo "2390"]
[PlyCount "73"]
[EventDate "1994.??.??"]
[EventType "team"]
[EventRounds "9"]
[EventCountry "CRO"]
[SourceTitle "EXT 1997"]
[Source "ChessBase"]
[SourceDate "1996.11.15"]
[SourceVersion "1"]
[SourceVersionDate "1996.11.15"]
[SourceQuality "1"]

1. e4 e5 2. Nf3 Nc6 3. Bb5 a6 4. Ba4 Nf6 5. 0-0 Be7 6. Re1 b5 7. Bb3 0-0 8. Nc3 d6 9. Nd5 Na5 10. d4 Nxd5 11. exd5 Nxb3 12. axb3 f6 13. Nd2 Bb7 14. c4 c6 15. dxc6 Bxc6 16. d5 Bb7 17. f4 Qb6+ 18. Kh1 Rac8 19. f5 Rc7 20. Qh5 Rfc8 21. Re4 Bxd5 22. Rh4 Bf8 23. Ne4 Bxe4 24. Qxh7+ Kf7 25. Rxe4 bxc4 26. Qg6+ Ke7 27. Bf4 cxb3 28. Rae1 Kd8 29. Bxe5 Re7 30. Bxf6 Qb7 31. Bg5 Rc2 32. Qe6 Rcc7 33. Qg8 Kd7 34. Rxe7+ Bxe7 35. Rxe7+ Kc6 36. Qc4+ Kb6 37. Be3+ 1-0

[Event "CRO-chT"]
[Site "Makarska"]
[Date "1994.??.??"]
[Round "5"]
[White "Jukic, Branimir"]
[Black "Galic, Kruno"]
[Result "0-1"]
[WhiteElo "2430"]
[BlackElo "2200"]
[PlyCount "84"]
[EventDate "1994.??.??"]
[EventType "team"]
[EventRounds "9"]
[EventCountry "CRO"]
[SourceTitle "EXT 1997"]
[Source "ChessBase"]
[SourceDate "1996.11.15"]
[SourceVersion "1"]
[SourceVersionDate "1996.11.15"]
[SourceQuality "1"]

1. e4 c5 2. Nf3 d6 3. d4 cxd4 4. Nxd4 Nf6 5. Nc3 e6 6. Be2 a6 7. 0-0 Be7 8. f4 0-0 9. Kh1 Qc7 10. Qe1 Nc6 11. Be3 d5 12. e5 Nxd4 13. Bxd4 Ne8 14. f5 f6 15. Bf3 Bc5 16. Bxc5 Qxc5 17. exf6 Nxf6 18. fxe6 Re8 19. b4 Qd6 20. Rd1 Bxe6 21. Qh4 Qc6 22. Qd4 Rad8 23. a4 Bf7 24. b5 axb5 25. axb5 Qe6 26. Ne2 Ne4 27. Qa7 Qe7 28. Qb6 Rd6 29. Qd4 Rh6 30. Bxe4 dxe4 31. h3 e3 32. Rfe1 Rd6 33. Qc3 Rd2 34. Ng1 Qg5 35. Re2 Rxe2 36. Nxe2 Qxb5 37. Re1 Qg5 38. Qd4 Bd5 39. Nf4 Bc6 40. Rxe3 Rf8 41. Qc4+ Kh8 42. Ra3 h6 0-1